[Event "POR-ch U14/20"]
[Site "Fatima"]
[Date "2022.04.11"]
[Round "3"]
[White "Maciel, Rafael Figueiredo C"]
[Black "Voges, Guilherme"]
[Result "1/2-1/2"]
[WhiteElo "1665"]
[BlackElo "1657"]
[PlyCount "101"]
[EventDate "2022.04.10"]
[EventType "swiss"]
[EventRounds "9"]
[EventCountry "POR"]
[SourceTitle "EXT 2023"]
[Source "ChessBase"]
[SourceDate "2022.10.05"]
[SourceVersion "1"]
[SourceVersionDate "2022.10.05"]
[SourceQuality "1"]

1. e4 g6 2. d4 Bg7 3. Nf3 d6 4. h3 Nf6 5. Nc3 0-0 6. Bc4 Nxe4 7. Nxe4 d5 8. Bxd5 Qxd5 9. Nc3 Qd8 10. Be3 Nc6 11. 0-0 Bf5 12. Qd2 e5 13. Nxe5 Nxe5 14. dxe5 Qxd2 15. Bxd2 Bxe5 16. Rfe1 Rad8 17. Bg5 f6 18. Rxe5 fxe5 19. Bxd8 Rxd8 20. Re1 Rd2 21. Rxe5 Rxc2 22. Re2 Rc1+ 23. Kh2 Kf7 24. Kg3 a6 25. Nd5 Be6 26. Nb4 Rd1 27. a3 Bf5 28. Na2 Bd3 29. Re3 Rd2 30. Nc3 Bf5 31. Re2 Rd6 32. Na4 b6 33. Nc3 c5 34. Kf3 Kf6 35. Ne4+ Bxe4+ 36. Kxe4 Re6+ 37. Kf3 Rxe2 38. Kxe2 Ke5 39. Ke3 g5 40. g3 b5 41. f4+ gxf4+ 42. gxf4+ Kf5 43. Kf3 h5 44. h4 b4 45. axb4 cxb4 46. b3 a5 47. Ke3 Kf6 48. Ke4 Ke6 49. Kd4 Kf5 50. Ke3 Kf6 51. Ke4 1/2-1/2

[Event "EU-ch U18"]
[Site "Bratislava"]
[Date "2019.08.10"]
[Round "9"]
[White "Voges, Guilherme"]
[Black "Kaspar, Lukas"]
[Result "0-1"]
[WhiteElo "1619"]
[BlackElo "1800"]
[PlyCount "50"]
[EventDate "2019.08.02"]
[EventType "swiss"]
[EventRounds "9"]
[EventCountry "SVK"]
[SourceTitle "CBM 191 Extra"]
[Source "ChessBase"]
[SourceDate "2019.09.30"]
[SourceVersion "1"]
[SourceVersionDate "2019.09.30"]
[SourceQuality "1"]

1. e4 e6 2. d4 d5 3. exd5 exd5 4. c4 dxc4 5. Bxc4 Nf6 6. Nc3 Be7 7. Be3 0-0 8. Nf3 Bg4 9. Qd2 Nbd7 10. h3 Bh5 11. 0-0-0 Nb6 12. Bd3 Nfd5 13. Rdg1 Bg6 14. g4 Nxc3 15. Qxc3 Bxd3 16. Qxd3 Qd5 17. Nd2 Qxa2 18. f4 Rac8 19. Qb3 Qa5 20. g5 c5 21. Kb1 cxd4 22. Bxd4 Qxd2 23. Bc3 Qd3+ 24. Ka1 Rc4 25. g6 hxg6 0-1

[Event "EU-ch U18"]
[Site "Bratislava"]
[Date "2019.08.05"]
[Round "4"]
[White "Voges, Guilherme"]
[Black "Pirard, Natan"]
[Result "0-1"]
[WhiteElo "1619"]
[BlackElo "2153"]
[PlyCount "50"]
[EventDate "2019.08.02"]
[EventType "swiss"]
[EventRounds "9"]
[EventCountry "SVK"]
[SourceTitle "CBM 191 Extra"]
[Source "ChessBase"]
[SourceDate "2019.09.30"]
[SourceVersion "1"]
[SourceVersionDate "2019.09.30"]
[SourceQuality "1"]

1. e4 c5 2. Nc3 Nc6 3. f4 g6 4. Nf3 Bg7 5. Bc4 e6 6. 0-0 Nge7 7. Qe1 0-0 8. d3 d5 9. exd5 exd5 10. Bb3 Nd4 11. Ne2 Nxf3+ 12. Rxf3 Re8 13. h3 b5 14. c3 a5 15. Bd2 a4 16. Bc2 a3 17. b3 d4 18. c4 Bb7 19. Qf2 bxc4 20. bxc4 Nf5 21. Rb1 Bxf3 22. Qxf3 Ne3 23. Bb3 Rb8 24. g4 f5 25. Ng3 Qh4 0-1

[Event "POR-ch U16"]
[Site "Luso"]
[Date "2018.03.27"]
[Round "5"]
[White "Cardoso, Joao"]
[Black "Voges, Guilherme"]
[Result "0-1"]
[WhiteElo "1290"]
[BlackElo "1456"]
[PlyCount "50"]
[EventDate "2018.03.24"]
[EventType "swiss"]
[EventRounds "7"]
[EventCountry "POR"]
[SourceTitle "EXT 2019"]
[Source "ChessBase"]
[SourceDate "2018.10.10"]
[SourceVersion "1"]
[SourceVersionDate "2018.10.10"]
[SourceQuality "1"]

1. e4 e5 2. Nf3 Nc6 3. Bb5 d6 4. Nc3 f5 5. d3 f4 6. d4 Bd7 7. Bxc6 Bxc6 8. dxe5 g5 9. exd6 Bxd6 10. 0-0 g4 11. Nd4 Bd7 12. Nd5 h5 13. Nxf4 Ne7 14. Re1 Bxf4 15. Bxf4 Ng6 16. Bc1 Qf6 17. Nf5 0-0-0 18. Ng3 Bb5 19. Bd2 Rhf8 20. Nf5 Nh4 21. b3 Nxf5 22. exf5 Qxf5 23. c4 Qxf2+ 24. Kh1 Rxd2 25. Qc1 Qxg2# 0-1

[Event "Lisbon Portugal op"]
[Site "Lisbon"]
[Date "2018.02.04"]
[Round "2"]
[White "Voges, Guilherme"]
[Black "Balbuena Fuentes, Mario"]
[Result "0-1"]
[WhiteElo "1384"]
[BlackElo "2282"]
[PlyCount "48"]
[EventDate "2018.02.03"]
[EventType "swiss"]
[EventRounds "9"]
[EventCountry "POR"]
[SourceTitle "EXT 2019"]
[Source "ChessBase"]
[SourceDate "2018.10.10"]
[SourceVersion "1"]
[SourceVersionDate "2018.10.10"]
[SourceQuality "1"]

1. e4 Nf6 2. Nc3 d5 3. e5 Nfd7 4. d4 e6 5. Be3 c5 6. Nf3 cxd4 7. Bxd4 Nc6 8. Bb5 a6 9. Ba4 Qc7 10. 0-0 Be7 11. Re1 0-0 12. a3 f6 13. exf6 Nxf6 14. Bxc6 bxc6 15. Ng5 Bd6 16. Nf3 c5 17. Be5 Bb7 18. Bxd6 Qxd6 19. Ng5 e5 20. Nf3 Rae8 21. Qd2 d4 22. Ng5 e4 23. f3 e3 24. Qd3 Qe5 0-1

[Event "Lisbon Portugal op"]
[Site "Lisbon"]
[Date "2017.02.08"]
[Round "7"]
[White "Voges, Guilherme"]
[Black "Dias, Jose Oliveira Gaspa"]
[Result "0-1"]
[WhiteElo "1374"]
[BlackElo "1650"]
[PlyCount "88"]
[EventDate "2017.02.04"]
[EventType "swiss"]
[EventRounds "9"]
[EventCountry "POR"]
[SourceTitle "CBM 176 Extra"]
[Source "ChessBase"]
[SourceDate "2017.03.02"]
[SourceVersion "1"]
[SourceVersionDate "2017.03.02"]
[SourceQuality "1"]

1. e4 d5 2. exd5 Qxd5 3. Nc3 Qd6 4. Nf3 Nf6 5. g3 g6 6. Bg2 Qa6 7. d3 Bg7 8. 0-0 0-0 9. Re1 Nc6 10. Be3 Bg4 11. h3 Bf5 12. Qd2 Rfe8 13. Bf4 Rac8 14. a3 Nd8 15. Nd4 Bd7 16. b4 c6 17. a4 Qb6 18. Be3 Qxb4 19. Reb1 Qd6 20. Nb3 b6 21. a5 Qc7 22. axb6 axb6 23. Ra6 Rb8 24. Na4 c5 25. c3 Bc8 26. Ra8 Rxa8 27. Bxa8 Bxh3 28. d4 Qa7 29. Nxb6 Qxb6 30. dxc5 Qb8 31. Qa2 Bf5 32. Rb2 Ne6 33. Bc6 Rc8 34. Na5 Qc7 35. Rb7 Qd8 36. Qa4 Qd3 37. Qb3 Ng4 38. Bb5 Qxc3 39. Qxc3 Bxc3 40. Bd7 Rd8 41. Nc6 Ra8 42. Nxe7+ Kf8 43. Nd5 Nxe3 44. Nxc3 Nxc5 0-1